La represión en Honduras
Uloženo v:
| Médium: | Text |
|---|---|
| Jazyk: | Spanish |
| Tagy: |
Přidat tag
Žádné tagy, Buďte první, kdo vytvoří štítek k tomuto záznamu!
|
MARC
| LEADER | 00000 a a2200000 04500 | ||
|---|---|---|---|
| 001 | 18067 | ||
| 003 | cru CIDCACS/IIS | ||
| 005 | 20191126150211.0 | ||
| 008 | 191126b ||||| |||| 00| 0 spa d | ||
| 999 | |c 42645 |d 42645 | ||
| 040 | |c cru CIDCACS/IIS | ||
| 245 | 3 | |a La represión en Honduras | |
| 300 | |a páginas 291 | ||
| 773 | 0 | |0 42391 |9 3913 |a Agencia Latinoamericana de Información, ALAI |d Quito, Ecuador: ALAI |o 04146 |t ALAI: |x 08275564 (Servicio mensual de información y documentación) | |
| 942 | |2 ddc |c PP | ||
